000
00278nam a2200121 a 4500
008
101026s1964|||| d
100
1
_a
Moyzisch, L.C.
245
1
0
_a
Operácia Cicero
260
_b
Osveta
_a
Bratislava
_c
1964
041
_a
slo
020
_c
11,80
044
_a
xo
_c
SK
999
_c
12311
_d
12311